Caring for the harvest force in the new millennium / (Record no. 10995)
[ view plain ]
| 000 -LEADER | |
|---|---|
| fixed length control field | 01240cam a22003254a 4500 |
| 001 - CONTROL NUMBER | |
| control field | 12419012 |
| 003 - CONTROL NUMBER IDENTIFIER | |
| control field | GBCCL |
| 005 - DATE AND TIME OF LATEST TRANSACTION | |
| control field | 20251107133445.0 |
| 008 - FIXED-LENGTH DATA ELEMENTS--GENERAL INFORMATION | |
| fixed length control field | 010523s2001 caua b 000 0 eng |
| 020 ## - INTERNATIONAL STANDARD BOOK NUMBER | |
| International Standard Book Number | 0878083839 |
| Qualifying information | alk. paper |
| 020 ## - INTERNATIONAL STANDARD BOOK NUMBER | |
| International Standard Book Number | 9780878083831 |
| Qualifying information | (alk. paper) |
| 035 ## - SYSTEM CONTROL NUMBER | |
| System control number | 12419012 |
| 040 ## - CATALOGING SOURCE | |
| Original cataloging agency | DLC |
| Transcribing agency | DLC |
| Modifying agency | DLC |
| 082 00 - DEWEY DECIMAL CLASSIFICATION NUMBER | |
| Classification number | 266 |
| Edition information | 21 |
| Item number | CAR 1 |
| 245 00 - TITLE STATEMENT | |
| Title | Caring for the harvest force in the new millennium / |
| Statement of responsibility, etc. | Tom A. Steffen, F. Douglas P. Pennoyer, eds. |
| 260 ## - PUBLICATION, DISTRIBUTION, ETC. | |
| Place of publication, distribution, etc. | Pasadena, Calif. : |
| Name of publisher, distributor, etc. | William Carey Library, |
| Date of publication, distribution, etc. | c2001. |
| 300 ## - PHYSICAL DESCRIPTION | |
| Extent | 261 p. : |
| Other physical details | ill. ; |
| Dimensions | 22 cm. |
| 336 ## - CONTENT TYPE | |
| Content type term | text |
| Content type code | txt |
| Source | rdacontent |
| 337 ## - MEDIA TYPE | |
| Media type term | unmediated |
| Media type code | n |
| Source | rdamedia |
| 338 ## - CARRIER TYPE | |
| Carrier type term | volume |
| Carrier type code | nc |
| Source | rdacarrier |
| 440 #0 - SERIES STATEMENT/ADDED ENTRY--TITLE | |
| Title | Evangelical Missiological Society series ; |
| Volume/sequential designation | no. 9 |
| 504 ## - BIBLIOGRAPHY, ETC. NOTE | |
| Bibliography, etc. note | Includes bibliographical references (p. [243]-258). |
| 650 #0 - SUBJECT ADDED ENTRY--TOPICAL TERM | |
| Topical term or geographic name entry element | Missions |
| General subdivision | Theory. |
| 700 1# - ADDED ENTRY--PERSONAL NAME | |
| Personal name | Steffen, Tom A., |
| Dates associated with a name | 1947- |
| 700 1# - ADDED ENTRY--PERSONAL NAME | |
| Personal name | Pennoyer, Fredrick Douglas. |
| 906 ## - LOCAL DATA ELEMENT F, LDF (RLIN) | |
| a | 7 |
| b | cbc |
| c | orignew |
| d | 1 |
| e | ocip |
| f | 20 |
| g | y-gencatlg |
| 942 ## - ADDED ENTRY ELEMENTS (KOHA) | |
| Source of classification or shelving scheme | Dewey Decimal Classification |
| Koha item type | Books |
| Suppress in OPAC | No |
| Withdrawn status | Lost status | Source of classification or shelving scheme | Damaged status | Not for loan | Home library | Current Library | Shelving location | Date acquired | Total checkouts | Full call number | Barcode | Date last seen | Copy number | Price effective from | Koha item type |
|---|---|---|---|---|---|---|---|---|---|---|---|---|---|---|---|
| Dewey Decimal Classification | GRACE BIBLE COLLEGE | GRACE BIBLE COLLEGE | Ministry & Mission | 2025-11-07 | 266 CAR | 017216 | 2025-11-07 | c.1 | 2025-11-07 | Books |